00527nam a2200157 a 450000100100000000500170001000800410002704000250006808200150009310000270010824500440013526000320017930000280021195201130023999900170035200004137620201002034832.0131001s1982 sp a 000 0 spa d aDO-SdBNPbspacBNPHU axxxxbxxxx1 aMateu, Gregorio94748710aEs posible ser feliz :bGregorio Mateu. aBarcelona :bHerder,c1982. a342 p. :bil. ;c22 cm. 001050718MOaGRbGRcHDd2013-10-01iLF1l0oxxxx xxxxp41376-10r2020-06-25w2020-06-25y1ZNo se presta c40866d40866